[Event "NEP-ch (Women)"]
[Site "Kathmandu"]
[Date "2023.04.23"]
[Round "9"]
[White "Kandel, Laxmi"]
[Black "Prasai, Punam"]
[Result "0-1"]
[WhiteElo "1256"]
[BlackElo "1350"]
[PlyCount "71"]
[EventDate "2023.04.18"]
[EventType "tourn"]
[EventRounds "9"]
[EventCountry "NEP"]
[SourceTitle "EXT 2024"]
[Source "ChessBase"]
[SourceDate "2023.10.10"]
[SourceVersion "1"]
[SourceVersionDate "2023.10.10"]
[SourceQuality "1"]

1. e4 e5 2. Nf3 Nc6 3. d4 d6 4. d5 Nce7 5. Bd3 c6 6. c4 f5 7. Nc3 fxe4 8. Bxe4 cxd5 9. cxd5 Nf6 10. Bg5 Nxe4 11. Bxe7 Bxe7 12. Nxe4 Qa5+ 13. Nc3 Bg4 14. Qd3 0-0 15. h3 Bf5 16. Qd2 Rf7 17. 0-0 Bxh3 18. Nh2 Bd7 19. g4 Rf4 20. f3 Bg5 21. Qg2 Raf8 22. Qc2 Qd8 23. Ne4 Be7 24. Kg2 Be8 25. Qb3 b6 26. Rac1 h5 27. Rc3 hxg4 28. Nxg4 Bh5 29. Nef2 Qd7 30. Nh2 Qf5 31. Ne4 Qg6+ 32. Kh1 Bxf3+ 33. Rcxf3 Qxe4 34. Kg1 Rxf3 35. Rxf3 Rxf3 36. Nxf3 0-1

[Event "NEP Oly qual (Women)"]
[Site "Kathmandu"]
[Date "2022.06.24"]
[Round "6"]
[White "Adhikari, Kritisara"]
[Black "Prasai, Punam"]
[Result "1-0"]
[WhiteElo "1528"]
[BlackElo "1349"]
[PlyCount "99"]
[EventDate "2022.06.22"]
[EventType "swiss"]
[EventRounds "7"]
[EventCountry "NEP"]
[SourceTitle "EXT 2024"]
[Source "ChessBase"]
[SourceDate "2023.10.10"]
[SourceVersion "1"]
[SourceVersionDate "2023.10.10"]
[SourceQuality "1"]

1. d4 Nf6 2. Bf4 d5 3. e3 e6 4. Nf3 Bd6 5. Bg3 0-0 6. Nbd2 c5 7. c3 c4 8. b3 b5 9. a4 Ba6 10. axb5 Bxb5 11. bxc4 Bxc4 12. Nxc4 dxc4 13. Bxc4 Bxg3 14. hxg3 Qc7 15. Qd3 Nbd7 16. Ba6 Rfd8 17. Qc2 Qc6 18. c4 h6 19. 0-0 Nd5 20. Qe4 Nb4 21. Qxc6 Nxc6 22. Bb7 Ne7 23. Bxa8 Rxa8 24. Ra4 a5 25. c5 Nc6 26. Rb1 Ra7 27. Nd2 Kf8 28. Nc4 Ke7 29. Rb5 g5 30. Nxa5 Nxa5 31. Raxa5 Rc7 32. Ra6 f5 33. f3 Nf6 34. Rbb6 Nd5 35. Rxe6+ Kf8 36. e4 fxe4 37. fxe4 Ne3 38. Rxh6 Re7 39. Rhe6 Rb7 40. Kf2 Ng4+ 41. Kf3 Nh2+ 42. Ke2 Rb2+ 43. Kd3 Rxg2 44. Ra7 Rxg3+ 45. Kc4 Ng4 46. d5 Ne3+ 47. Kd4 Nc2+ 48. Ke5 Nb4 49. Rb6 Nd3+ 50. Kd6 1-0

[Event "Hetauda Metropolitan-ch U21"]
[Site "Hetauda"]
[Date "2021.03.26"]
[Round "5"]
[White "Prasai, Punam"]
[Black "Lohani, Sujana"]
[Result "0-1"]
[WhiteElo "1389"]
[BlackElo "1698"]
[PlyCount "50"]
[EventDate "2021.03.24"]
[EventType "swiss"]
[EventRounds "7"]
[EventCountry "NEP"]
[SourceTitle "EXT 2022"]
[Source "ChessBase"]
[SourceDate "2021.10.06"]
[SourceVersion "1"]
[SourceVersionDate "2021.10.06"]
[SourceQuality "1"]

1. e4 g6 2. d4 Bg7 3. e5 c5 4. c3 cxd4 5. cxd4 Nc6 6. Nf3 d6 7. Bf4 dxe5 8. Bxe5 Nxe5 9. Nxe5 Nf6 10. Bb5+ Bd7 11. Qb3 0-0 12. Nc3 Bxb5 13. Qxb5 Qxd4 14. Rd1 Qb6 15. Qe2 Rfd8 16. 0-0 Rxd1 17. Rxd1 Rd8 18. Rxd8+ Qxd8 19. Qc4 e6 20. h3 Nd7 21. Nxd7 Qxd7 22. b3 Be5 23. f4 Qd4+ 24. Kf1 Qxc4+ 25. bxc4 Bxc3 0-1

[Event "Asia Nations online Cup (Women)"]
[Site "Chess.com INT"]
[Date "2020.10.17"]
[Round "6.10"]
[White "Prasai, Punam"]
[Black "Fatima, Saif Al Ali"]
[Result "0-1"]
[WhiteElo "1389"]
[BlackElo "1354"]
[PlyCount "38"]
[EventDate "2020.10.11"]
[EventType "team-swiss (rapid)"]
[EventRounds "9"]
[EventCountry "IND"]
[SourceTitle "CBM 198 Extra"]
[Source "ChessBase"]
[SourceDate "2020.11.30"]
[SourceVersion "1"]
[SourceVersionDate "2020.11.30"]
[SourceQuality "1"]
[WhiteTeam "Nepal (W)"]
[BlackTeam "United Arab Emirates (W)"]
[WhiteTeamCountry "NEP"]
[BlackTeamCountry "UAE"]

1. e4 c6 2. Nc3 d5 3. d3 dxe4 4. dxe4 Qxd1+ 5. Nxd1 e5 6. Bd3 Nf6 7. Nf3 Bd6 8. h3 Nbd7 9. 0-0 Nc5 10. Nc3 Bd7 11. Bg5 h6 12. Bxf6 gxf6 13. a3 0-0-0 14. b4 Nxd3 15. cxd3 Rdg8 16. g4 h5 17. Nh2 hxg4 18. hxg4 Bxg4 19. Kh1 Bf3# 0-1

[Event "Asia Nations online Cup (Women)"]
[Site "Chess.com INT"]
[Date "2020.10.11"]
[Round "3.8"]
[White "Nan, MK Khine Hlyan"]
[Black "Prasai, Punam"]
[Result "1-0"]
[WhiteElo "1979"]
[BlackElo "1389"]
[PlyCount "51"]
[EventDate "2020.10.11"]
[EventType "team-swiss (rapid)"]
[EventRounds "9"]
[EventCountry "IND"]
[SourceTitle "CBM 198 Extra"]
[Source "ChessBase"]
[SourceDate "2020.11.30"]
[SourceVersion "1"]
[SourceVersionDate "2020.11.30"]
[SourceQuality "1"]
[WhiteTeam "Myanmar (W)"]
[BlackTeam "Nepal (W)"]
[WhiteTeamCountry "MYA"]
[BlackTeamCountry "NEP"]

1. e4 e5 2. Nf3 Nc6 3. Bc4 Bc5 4. c3 d6 5. d3 Nf6 6. h3 h6 7. a4 a6 8. 0-0 0-0 9. Nbd2 Bd7 10. Bb3 Na5 11. Bc2 b5 12. b4 Bxf2+ 13. Rxf2 Nb7 14. a5 c5 15. Nf1 cxb4 16. cxb4 Qc8 17. Bb2 Nd8 18. Bb3 Ne6 19. Rc1 Qd8 20. Ne3 Nf4 21. Rfc2 N6h5 22. d4 Qc8 23. Rxc8 Raxc8 24. Rxc8 Rxc8 25. dxe5 Bc6 26. Nf5 1-0